Statistics for 50 Marvel Characters by Most Appearances

Click here to take the quiz!

General Stats

  • This quiz has been taken 169 times
    (81 since last reset)
  • The average score is 29 of 50

Answer Stats

RankNumber of AppearancesCharacter% Correct
57637Iron Man
98%
125722Thor
98%
48198Captain America
97%
155523Hulk
97%
210800Spider-Man
97%
392560Black Widow
94%
263548Hawkeye
86%
112121Wolverine
86%
234018Magneto
79%
105787Professor X
76%
38534Cyclops
71%
323200Doctor Strange
70%
67292Storm
70%
135652Jean Grey
68%
165397Mr Fantastic
68%
85940Thing
68%
185074Human Torch
67%
313277Scarlet Witch
67%
372639Captain Marvel
65%
204715Invisible Woman
63%
273456Nick Fury
63%
333046Ant Man
62%
77171Beast
59%
422540Vision
57%
95836Iceman
56%
194961Rogue
56%
293361Daredevil
54%
352751Wasp
54%
402549Doctor Doom
52%
482149Mystique
52%
362657Quicksilver
51%
253570Gambit
44%
175196Nightcrawler
44%
432491Sabretooth
43%
492113She Hulk
43%
145650Angel
41%
115760Colossus
41%
412547Mary Jane
41%
472158Luke Cage
38%
214688Emma Frost
35%
502089Jubilee
35%
283451Psylocke
33%
382597Cable
32%
342817Havok
30%
224652Kitty Pryde
30%
243720Namor
30%
452264Bishop
29%
303352Cannonball
21%
442359J Jonah Jameson
19%
462253Sunspot
19%

Score Distribution

Percentile by Number Answered

Percent of People with Each Score

Your Score History

You have not taken this quiz since the last reset